| 000 | 00440nam a2200145 4500 | ||
|---|---|---|---|
| 999 |
_c7863 _d7863 |
||
| 008 | 151008b xxu||||| |||| 00| 0 eng d | ||
| 020 | _a9781607148241 | ||
| 050 | _aQD 42 .S78 2010 | ||
| 245 |
_aMCAT general Chemistry: _bReview / |
||
| 260 |
_aNew York: _bKalpan, _c2010. |
||
| 300 |
_a370 p.: _bill.; _c28 cm. |
||
| 504 | _aIncludes index. | ||
| 650 | _aChemistry. | ||
| 942 |
_2lcc _cBOOKS _hQD 42 .S78 2010 _01 |
||